[Event "Pamplona 9798"]
[Site "Pamplona"]
[Date "1997.??.??"]
[Round "5"]
[White "Illescas Cordoba, Miguel"]
[Black "Arizmendi Martinez, Julen Luis"]
[Result "1-0"]
[WhiteElo "2585"]
[BlackElo "2470"]

1.c4 e5 2.Nc3 Bb4 3.Nd5 Bd6 4.d4 c6 5.dxe5 Bxe5 6.Nf3 d6 7.Ne3 Bf6 8.g4 h6
9.h4 Ne7 10.Rg1 g5 11.Qc2 Qb6 12.hxg5 hxg5 13.c5 Qb4+ 14.Bd2 Qxb2 15.Qxb2 Bxb2
16.Rb1 Ba3 17.cxd6 Bxd6 18.Nxg5 Nd7 19.Ne4 Bc7 20.Nf5 Nxf5 21.gxf5 b6 22.Rd1 Bh2
23.Rh1 Be5 24.Nd6+ Kf8 25.Rxh8+ Bxh8 26.Bg2 Ba6 27.Bxc6 Rd8 28.Ne4  1-0

[Event "ESP-chT"]
[Site "Ponferrada"]
[Date "1997.??.??"]
[Round "4"]
[White "Illescas Cordoba, Miguel"]
[Black "Spraggett, Kevin"]
[Result "1/2-1/2"]
[WhiteElo "2585"]
[BlackElo "2575"]

1.d4 Nf6 2.c4 e6 3.g3 c5 4.Nf3 cxd4 5.Nxd4 Qc7 6.Nc3 a6 7.Bg2 Be7 8.O-O d6
9.b3 Bd7 10.e4 O-O 11.Bb2 Nc6 12.Nc2 Rab8 13.Ne3 b5 14.Rc1 Qa5 15.Rc2 Rfd8
16.Rd2 Be8 17.Re1 Ne5 18.f4 Ng6 19.Ne2 Bc6 20.Bc3 Qb6 21.Bd4 Qb7 22.cxb5 axb5
23.Bxf6 Bxf6 24.Ng4 Be7 25.Nd4 Qb6 26.Kh1 Bd7 27.Ne3 Bf6 28.Ng4  1/2-1/2

[Event "Villarrobledo rapid op"]
[Site "Villarrobledo"]
[Date "1997.??.??"]
[Round "8"]
[White "Shirov, Alexei"]
[Black "Illescas Cordoba, Miguel"]
[Result "1/2-1/2"]
[WhiteElo "2700"]
[BlackElo "2585"]

1.e4 c5 2.Nf3 e6 3.d3 d5 4.Nbd2 Nc6 5.g3 g6 6.Bg2 Bg7 7.c3 Nge7 8.h4 h6 9.O-O O-O
10.Re1 e5 11.exd5 Nxd5 12.Nc4 Re8 13.h5 g5 14.d4 cxd4 15.cxd4 Bg4 16.dxe5 Ndb4
17.Be3 Nd3 18.Rf1 Ndxe5 19.Qxd8 Raxd8 20.Nfxe5 Nxe5 21.Nxe5 Rxe5 22.Bxa7 Rb5
23.a4 Rxb2 24.Rab1 Ra8 25.Be3 Rxa4 26.Rxb2 Bxb2 27.Rb1 Ra1 28.Rxa1 Bxa1 29.Bxb7 Bxh5
30.f4  1/2-1/2

[Event "Villarrobledo rapid op"]
[Site "Villarrobledo"]
[Date "1997.??.??"]
[Round "8"]
[White "Illescas Cordoba, Miguel"]
[Black "Urday, Henry"]
[Result "1/2-1/2"]
[WhiteElo "2585"]
[BlackElo "2445"]

1.Nf3 Nf6 2.c4 d6 3.d4 Bg4 4.Nc3 Nbd7 5.e4 e5 6.Be2 g6 7.O-O Bg7 8.d5 Nc5
9.Nd2 Bxe2 10.Qxe2 a5 11.b3 Bh6 12.Rb1 O-O 13.a3 Nh5 14.g3 Qd7 15.Kg2 f6
16.Nd1 f5 17.exf5 Qxf5 18.Nc3 Qd3 19.Qxd3 Nxd3 20.Nce4 Rf7 21.Bb2 Raf8 22.Bc3 b6
23.b4 axb4 24.axb4 Nf6 25.Nxf6+ Rxf6 26.Ne4 Rf3 27.Ra1 R8f7 28.Ra8+ Kg7 29.Rc8 Nc1
30.c5 bxc5 31.bxc5 Ne2 32.Ba1 Rd3 33.cxd6 cxd6 34.Nxd6 Re7 35.Re1 Nd4 36.Nc4 Nf3
37.Rb1 Kf7 38.Nd6+ Kf6 39.Ne4+ Kf5 40.Nc5 Nd2 41.Rd1 Rxd5 42.Bc3 e4 43.Nb3 Red7
44.Bxd2 Bxd2 45.Rf8+ Kg5 46.h4+ Kh6 47.Re8 Bc3 48.Rxd5 Rxd5 49.Rxe4 Bf6 50.Re2 Kg7
51.Nd2 Re5 52.Rxe5 Bxe5 53.Nb3 Bd6 54.Kf3 Kf6 55.Ke4 Bb4 56.Nc1 Bd2 57.Nd3 Bc3
58.f4 Bd2 59.g4 Bc3 60.g5+ Kg7 61.Ne5 Be1 62.Nf3 Bf2 63.f5 gxf5+ 64.Kxf5 Be3
65.h5 Bc1 66.h6+ Kg8 67.Ke6 Bb2 68.Ne5 Bc1 69.Nf7 Kf8 70.Kf6 Bb2+ 71.Ne5 Kg8
72.Kf5 Bc3 73.Ng4 Kf7 74.Nf6 Bxf6 75.gxf6 Ke8  1/2-1/2

[Event "ESP-ch"]
[Site "Linares"]
[Date "1998.08.12"]
[Round "1"]
[White "Illescas Cordoba, Miguel"]
[Black "Galiana, Juan Ramon"]
[Result "1-0"]
[WhiteElo "2605"]
[BlackElo "2205"]

1.d4 d5 2.c4 e6 3.Nc3 Nf6 4.cxd5 exd5 5.Bg5 Be7 6.e3 c6 7.Qc2 Nbd7 8.Bd3 Nf8
9.Nge2 Ne6 10.Bh4 h6 11.f3 a6 12.O-O O-O 13.Rad1 Qc7 14.Qc1 Nh7 15.Nxd5 cxd5
16.Qxc7 Nxc7 17.Bxe7 Re8 18.Bd6 Nb5 19.Bxb5 axb5 20.Nc3 Ra6 21.Bb4 Nf6 22.Rfe1 Bd7
23.e4 Rae6 24.e5 Bc6 25.Ne2  1-0

[Event "ESP-ch"]
[Site "Linares"]
[Date "1998.08.13"]
[Round "2"]
[White "Miguel, Victor"]
[Black "Illescas Cordoba, Miguel"]
[Result "0-1"]
[WhiteElo "2330"]
[BlackElo "2605"]

1.Nf3 c5 2.c4 Nf6 3.Nc3 Nc6 4.d4 cxd4 5.Nxd4 g6 6.g3 Bg7 7.Bg2 O-O 8.O-O d6
9.Nb3 Be6 10.Nd5 Ne5 11.Nxf6+ Bxf6 12.c5 Qc8 13.cxd6 Rd8 14.Bf4 Rxd6 15.Qc1 Rb6
16.Be3 Rb4 17.Qd2 a5 18.Nxa5 Rxb2 19.Qxb2 Nf3+ 20.Bxf3 Bxb2 21.Bxb7 Qc3 22.Bxa8 Bxa1
23.Nb3 Bb2 24.Rd1 Qc8 25.Bf3 Kg7 26.h4 h6 27.Kg2 Bf6 28.Rd2 Bf5 29.Nd4 Bd7
30.Rc2 Qe8 31.Nc6 e5 32.Be4 Qe6 33.Nb4 Bxh4 34.Nd3 Qh3+ 35.Kg1 Bxg3 36.Bg2 Qh2+
37.Kf1  0-1

[Event "ESP-ch"]
[Site "Linares"]
[Date "1998.08.14"]
[Round "3"]
[White "Illescas Cordoba, Miguel"]
[Black "Estremera Panos, Sergio"]
[Result "1/2-1/2"]
[WhiteElo "2605"]
[BlackElo "2405"]

1.c4 e6 2.Nc3 d5 3.d4 Be7 4.Nf3 Nf6 5.Bg5 O-O 6.e3 h6 7.Bxf6 Bxf6 8.Rc1 c6
9.Qc2 Nd7 10.cxd5 exd5 11.Bd3 Be7 12.O-O Bd6 13.Rfe1 Nf6 14.g3 Re8 15.Nh4 a6
16.a3 Bd7 17.Rb1 Qe7 18.Bf5 Ne4 19.Nxe4 dxe4 20.b4 Rad8 21.Qe2 g6 22.Bxd7 Rxd7
23.Rec1 h5 24.a4 Kg7 25.Qe1 Ra8 26.Rc4 Rc7 27.Rc2 Rac8 28.Qc3 Kh7 29.Qb3 Kg7
30.Rcc1 Kh7 31.Rd1 Kh6 32.Re1 Kh7 33.f4 exf3 34.Nxf3 Kg8 35.e4 Qd7 36.Rf1 Bf8
37.Rbd1 Bg7 38.Ne5 Qe8 39.Nxg6 Qxe4 40.Ne5 Bxe5 41.dxe5 Qxe5 42.Rfe1 Qf6
43.Qe3 Rd8 44.Qe5 Rxd1 45.Qxf6 Rxe1+ 46.Kf2 Ree7 47.Qg5+ Kf8 48.Qh6+ Kg8
49.Qg5+ Kf8 50.Qxh5 f6 51.Qg6 Rg7 52.Qf5 Rg5 53.Qf4  1/2-1/2

[Event "ESP-ch"]
[Site "Linares"]
[Date "1998.08.15"]
[Round "4"]
[White "Izeta Txabarri, Felix"]
[Black "Illescas Cordoba, Miguel"]
[Result "0-1"]
[WhiteElo "2445"]
[BlackElo "2605"]

1.d4 Nf6 2.Nf3 g6 3.c4 Bg7 4.g3 d5 5.cxd5 Nxd5 6.Bg2 Nb6 7.Nc3 Nc6 8.e3 e5
9.d5 Na5 10.e4 c6 11.O-O cxd5 12.exd5 O-O 13.Bg5 f6 14.Be3 Rf7 15.b3 Bg4
16.Qd2 Rd7 17.Rad1 Rc8 18.h3 Bxf3 19.Bxf3 f5 20.Nb5 e4 21.Qxa5 exf3 22.d6 f4
23.Bxf4 Rf7 24.Nxa7 Ra8 25.d7 Rxd7 26.Rxd7 Qxd7 27.Kh2 Nc8 28.Qb5 Qxb5 29.Nxb5 Rxa2
30.Be3 Ne7 31.Rd1 Nf5 32.Bb6 Be5 33.Kg1 Bxg3 34.Rd8+ Kf7 35.fxg3 Nxg3 36.Bf2 Ne4
37.Rd3 Ra1+ 38.Kh2 Rh1+ 39.Kxh1 Nxf2+ 40.Kh2 Nxd3 41.Nd6+ Ke6 42.Nxb7 Ke5
43.Na5 Kf4 44.Nc4 g5 45.Nd2 Ke3 46.Nf1+ Ke2 47.Ng3+ Ke1 48.h4 g4 49.h5 f2  0-1

[Event "ESP-ch"]
[Site "Linares"]
[Date "1998.08.16"]
[Round "5"]
[White "Illescas Cordoba, Miguel"]
[Black "Martin Gonzalez, Angel"]
[Result "1-0"]
[WhiteElo "2605"]
[BlackElo "2425"]

1.d4 d5 2.Nf3 c5 3.c4 e6 4.cxd5 exd5 5.g3 Nc6 6.Bg2 Nf6 7.O-O Be7 8.Nc3 O-O
9.Bg5 cxd4 10.Nxd4 h6 11.Bf4 Bg4 12.h3 Be6 13.Rc1 Qd7 14.Nxe6 fxe6 15.e4 d4
16.e5 dxc3 17.exf6 Qxd1 18.Rfxd1 Bxf6 19.bxc3 Rfd8 20.Re1 g5 21.Be3 Rd7 22.Bc5 Kf7
23.Re4 Ne5 24.Bd4 Nc6 25.Be3 Rc8 26.Bf3 Nd8 27.Bh5+ Kg7 28.c4 b6 29.Kg2 Rd6
30.c5 bxc5 31.Ra4 a5 32.Bf3 Rd7 33.Rxc5 Rxc5 34.Bxc5 Bc3 35.Rc4 Bd2 36.Bd4+ Kf7
37.Bh5+ Ke7 38.Bg7 Nf7 39.Rc8  1-0

[Event "ESP-ch"]
[Site "Linares"]
[Date "1998.08.17"]
[Round "6"]
[White "Garcia Ilundain, David"]
[Black "Illescas Cordoba, Miguel"]
[Result "1/2-1/2"]
[WhiteElo "2485"]
[BlackElo "2605"]

1.d4 Nf6 2.Nf3 d5 3.c4 c6 4.Nc3 e6 5.Bg5 h6 6.Bxf6 Qxf6 7.g3 dxc4 8.Bg2 Nd7
9.O-O Be7 10.e3 O-O 11.Nd2 Nb6 12.f4 Qf5 13.Kh1 Qa5 14.Qe2  1/2-1/2

[Event "ESP-chT"]
[Site "Salamanca"]
[Date "1998.09.13"]
[Round "9"]
[White "Illescas Cordoba, Miguel"]
[Black "Rogers, Ian"]
[Result "1/2-1/2"]
[WhiteElo "2605"]
[BlackElo "2605"]

1.e4 Nf6 2.e5 Nd5 3.d4 d6 4.Nf3 g6 5.c4 Nb6 6.exd6 cxd6 7.a4 Bg7 8.a5 N6d7
9.Nc3 O-O 10.Be2 Nc6 11.d5 Bxc3+ 12.bxc3 Nxa5 13.Bh6 b6 14.Bxf8 Qxf8 15.O-O Ba6
16.Nd4 Rc8 17.Re1 Rc7 18.Bf1 Nc5 19.Qg4 Qg7 20.Re3 h5 21.Qh4 Qf6 22.Qxf6 exf6
23.f4 f5 24.Re8+ Kg7 25.Rae1 Ne4 26.Bd3 Nc5 27.Bf1 Ne4 28.Bd3 Nc5 29.Bf1  1/2-1/2

[Event "Elista ol (Men)"]
[Site "Elista"]
[Date "1998.10.06"]
[Round "8"]
[White "Damljanovic, Branko"]
[Black "Illescas Cordoba, Miguel"]
[Result "1/2-1/2"]
[WhiteElo "2555"]
[BlackElo "2605"]

1.c4 Nf6 2.Nc3 e5 3.Nf3 Nc6 4.g3 Bb4 5.Bg2 O-O 6.O-O e4 7.Ne1 Bxc3 8.dxc3 h6
9.Nc2 d6 10.Ne3 Ne5 11.b3 a5 12.Nd5 Re8 13.Be3 Neg4 14.Qd2 Nxd5 15.cxd5 Nxe3
16.Qxe3 Bg4 17.Rad1 f5 18.Rfe1 Re5 19.Qc1 Qd7 20.f3 Bh5 21.fxe4 fxe4 22.Qe3 Bf7
23.c4 a4 24.Rf1 Bg6  1/2-1/2

[Event "Elista ol (Men)"]
[Site "Elista"]
[Date "1998.10.09"]
[Round "10"]
[White "Illescas Cordoba, Miguel"]
[Black "Zapata, Alonso"]
[Result "1-0"]
[WhiteElo "2605"]
[BlackElo "2470"]

1.d4 Nf6 2.c4 d6 3.Nc3 Nbd7 4.Nf3 c6 5.e4 e5 6.Be2 g6 7.O-O Bg7 8.d5 Nc5
9.Nd2 a5 10.b3 O-O 11.Rb1 Bd7 12.Re1 Bh6 13.Bf1 Qb6 14.Na4 Nxa4 15.bxa4 Qa7
16.Qb3 Ng4 17.Qb6 f5 18.h3 Nf6 19.Qc7 Rac8 20.Qxb7 Qxb7 21.Rxb7 cxd5 22.exd5 Bxa4
23.Ne4 Bxc1 24.Nxf6+ Rxf6 25.Rxc1 e4 26.Rcb1 Rf7 27.R7b6 Rd7 28.R1b2 Kf7
29.Ra6 Rc5 30.f4 exf3 31.gxf3 f4 32.h4 h6 33.Rbb6 Ke7 34.Bd3 g5 35.hxg5 hxg5
36.Ra8 Bd1 37.Kf2 g4 38.fxg4 Bxg4 39.Rg8 Bh5 40.Rh8 Bf7 41.Kf3 Rdc7 42.Kxf4  1-0

[Event "Dos Hermanas op"]
[Site "Dos Hermanas"]
[Date "1998.??.??"]
[Round "6"]
[White "Lorenzo, Marcos"]
[Black "Illescas Cordoba, Miguel"]
[Result "0-1"]
[WhiteElo "2210"]
[BlackElo "2600"]

1.e4 c5 2.c3 d6 3.d4 Nf6 4.Bd3 g6 5.Ne2 Bg7 6.O-O O-O 7.f3 Nc6 8.Be3 cxd4
9.cxd4 Nb4 10.Nbc3 Nxd3 11.Qxd3 Bd7 12.Rfc1 Qa5 13.d5 Rfc8 14.Nd4 a6 15.a3 Be8
16.Nb3 Qd8 17.Bd4 Bh6 18.Be3 Bg7 19.Bd4 h5 20.a4 Bd7 21.a5 h4 22.Nd2 Bh6
23.Be3 Qf8 24.Bxh6 Qxh6 25.Qd4 Nh5 26.Nc4 Rxc4 27.Qxc4 Qe3+ 28.Kf1 Rc8 29.Nd1 Qf4
30.Qxc8+ Bxc8 31.Rxc8+ Kg7 32.Kg1 Qd2 33.Nf2 Nf4 34.h3 Qxb2 35.Rd1 Ne2+ 36.Kh1 Ng3+
37.Kg1 Ne2+ 38.Kh1 Nf4 39.Kg1 f6 40.Rc7 Kf7 41.Rc4 g5 42.Re1 Qa2 43.Rb4 Qxa5
44.Rbb1 b5 45.Ng4 Qd2 46.Ne3 Nd3  0-1

[Event "Dos Hermanas op"]
[Site "Dos Hermanas"]
[Date "1998.??.??"]
[Round "8"]
[White "Teran Alvarez, Ismael"]
[Black "Illescas Cordoba, Miguel"]
[Result "1/2-1/2"]
[WhiteElo "2375"]
[BlackElo "2600"]

1.e4 e6 2.d3 d5 3.Nd2 Nf6 4.Ngf3 c5 5.g3 Nc6 6.Bg2 Be7 7.O-O b6 8.Re1 Qc7
9.c3 Bb7 10.a3 h6 11.Qe2 a5 12.exd5 exd5 13.Ne5 O-O 14.Nxc6 Qxc6 15.Nc4 Rfe8
16.Ne5 Qc7 17.Ng4 Qd7 18.Bh3 Qc6 19.Ne5 Qc7 20.Ng4 Nxg4 21.Qxg4 Bc8 22.Qh5 Bxh3
23.Qxh3 Bf8 24.Bf4 Qc6 25.Rad1 Qb5 26.Rxe8 Rxe8 27.Bc1 Qb3 28.Qf1 c4 29.d4 Qc2
30.Re1 Re4 31.f3 Re7 32.Qf2 Rxe1+ 33.Qxe1 b5 34.Qd2 Qb1 35.Kg2 Be7 36.h4 Bd6
37.Qe3 h5 38.Qe1 Kf8 39.Qe3 Qc2+ 40.Qd2 Qb1 41.Qg5 Kg8 42.Qd8+ Bf8 43.Qg5 g6
44.Qf4 f5 45.Qe3 Kf7 46.Qf4 Qc2+ 47.Qd2 Qb1 48.Qf4 Be7 49.Qh6 Qc2+ 50.Qd2 Qxd2+
51.Bxd2 Ke6 52.Kf2 Bd6 53.f4 b4 54.a4  1/2-1/2

[Event "ESP-chT"]
[Site "Salamanca"]
[Date "1998.??.??"]
[Round "4"]
[White "Shirov, Alexei"]
[Black "Illescas Cordoba, Miguel"]
[Result "1/2-1/2"]
[WhiteElo "2720"]
[BlackElo "2605"]

1.e4 c6 2.d4 d5 3.e5 Bf5 4.Nf3 e6 5.Be2 c5 6.Be3 cxd4 7.Nxd4 Ne7 8.c4 Nbc6
9.Qa4 dxc4 10.Na3 Qa5+ 11.Qxa5 Nxa5 12.Nxc4 Nxc4 13.Bxc4 a6 14.Rc1 Be4 15.O-O Nd5
16.Bd2 Nb6 17.Bb3 Be7 18.Ba5 Nd7 19.Rfe1 Bg6 20.Bxe6 fxe6 21.Nxe6 Kf7 22.Nc7 Nc5
23.Nxa8 Nd3 24.Nb6 Nxe1 25.Rxe1 Bd8 26.Nc4 Bxa5 27.Nxa5 Rd8 28.f4 Ke6 29.Kf2 b6
30.Nc6 Rd2+ 31.Re2 Rxe2+ 32.Kxe2 Be4 33.Nb8 Bxg2 34.Nxa6 Kf5 35.Kf2 Bb7 36.Nc7 Kxf4
37.Ne6+ Kxe5 38.Nxg7 Bd5 39.Nh5 Bxa2 40.Ke3 Bb1 41.Nf4  1/2-1/2

[Event "ESP-chT"]
[Site "Salamanca"]
[Date "1998.??.??"]
[Round "6"]
[White "Rodriguez Vargas, Orestes"]
[Black "Illescas Cordoba, Miguel"]
[Result "1-0"]
[WhiteElo "2460"]
[BlackElo "2605"]

1.d4 d5 2.c4 c6 3.e3 Nf6 4.Nc3 a6 5.Nf3 b5 6.cxd5 cxd5 7.Bd3 Bb7 8.Ne5 Nbd7
9.f4 e6 10.O-O Bd6 11.Bd2 O-O 12.Rf3 Ne4 13.Rh3 g6 14.Be1 f5 15.a4 Nxe5 16.fxe5 Be7
17.Qb3 Qb6 18.Ne2 Bg5 19.a5 Qd8 20.Bb4 Rf7 21.Rf1 Qd7 22.Nf4 Rc8 23.Rhf3 Bd8
24.Nxe6 Qxe6 25.Bxe4 Rc4 26.Bd3 h5 27.Bd2 Be7 28.Qd1 b4 29.Qe1 Qc8 30.h3 Qf8
31.g4 hxg4 32.hxg4 Rc6 33.Qg3 Rg7 34.Qg2 Bc8 35.e4 dxe4 36.Bxe4 Qe8 37.Bd5+ Be6
38.Rg3 Bxd5 39.Qxd5+ Kh8 40.Rh3+ Rh7 41.Rxh7+ Kxh7 42.Kg2 Rc2 43.Rf2 Bh4
44.Qb7+ Kg8 45.Qd5+ Kh7 46.Re2 Bg5 47.Bxg5 Rxe2+ 48.Kf3 Rxb2 49.Bf6 fxg4+
50.Kxg4 Qc8+ 51.e6 Rg2+ 52.Kh3 Qc3+ 53.Kxg2 Qd2+ 54.Kg3 Qd1 55.Kf4 Qd2+ 56.Kg4 Qe2+
57.Qf3 Qxe6+ 58.Kg5  1-0

[Event "ESP-chT"]
[Site "Salamanca"]
[Date "1998.??.??"]
[Round "8"]
[White "Kharitonov, Andrei Y"]
[Black "Illescas Cordoba, Miguel"]
[Result "1/2-1/2"]
[WhiteElo "2570"]
[BlackElo "2605"]

1.d4 Nf6 2.Nf3 d5 3.c4 c6 4.e3 Bf5 5.cxd5 cxd5 6.Qb3 Qc7 7.Bd2 Nc6 8.Be2 e6
9.Nc3 a6 10.O-O Bd6 11.Rfc1 Rb8 12.Qd1 Ne4 13.Be1 Nxc3 14.Rxc3 O-O 15.Rac1 Qe7
16.a3 Rbc8 17.Qb3  1/2-1/2

[Event "ESP-ch"]
[Site "Palencia"]
[Date "1999.08.19"]
[Round "1"]
[White "Illescas Cordoba, Miguel"]
[Black "Garcia Ares, Felix"]
[Result "1-0"]
[WhiteElo "2600"]
[BlackElo "2219"]

1.e4 e5 2.Nf3 Nc6 3.Bb5 Nf6 4.O-O Nxe4 5.d4 Nd6 6.Bxc6 dxc6 7.dxe5 Nf5 8.Qxd8+ Kxd8
9.Nc3 Ke8 10.h3 h6 11.Bf4 Be6 12.g4 Ne7 13.Nd4 Nd5 14.Nxe6 fxe6 15.Bd2 Bc5
16.Ne2 Rd8 17.Rad1 Rf8 18.Bc1 Ke7 19.a3 b5 20.Kg2 g5 21.h4 Rg8 22.hxg5 hxg5
23.Rh1 Rdf8 24.Rh7+ Ke8 25.f3 Rf7 26.Rh6 Ke7 27.Rd3 Nf4+ 28.Nxf4 gxf4 29.Rc3 Be3
30.Bxe3 fxe3 31.Rxe3 Rd8 32.Rc3 Rd2+ 33.Kg3 Kd7 34.Rd3+ Rxd3 35.cxd3 c5 36.f4 Re7
37.g5 Kc6 38.f5 Rd7 39.Rxe6+ Kb7 40.f6 Rxd3+ 41.Kg4  1-0

[Event "ESP-ch"]
[Site "Palencia"]
[Date "1999.08.20"]
[Round "2"]
[White "Lopez Martinez, Jose Manuel"]
[Black "Illescas Cordoba, Miguel"]
[Result "0-1"]
[WhiteElo "2378"]
[BlackElo "2600"]

1.e4 c6 2.d4 d5 3.exd5 cxd5 4.c4 Nf6 5.Nc3 e6 6.Nf3 Bb4 7.Bd3 dxc4 8.Bxc4 O-O
9.O-O b6 10.Qe2 Bb7 11.Bg5 Bxc3 12.bxc3 Nbd7 13.Bd3 Qc7 14.c4 h6 15.Bh4 Nh5
16.Qe3 Qf4 17.Bg3 Qxe3 18.fxe3 Nxg3 19.hxg3 Rfd8 20.a4 Rac8 21.Nd2 Ne5 22.Be2 Nc6
23.Nb3 Nb4 24.Rfc1 Be4 25.Kf2 e5 26.d5 Bc2 27.Nd2 Rc5 28.Rxc2 Nxc2 29.Rb1 Ra5
30.Bd1 Na3 31.Ra1 Nxc4 32.Nxc4 Raxd5 33.Be2 Rc5 34.Rb1 g6 35.Rb2 h5 36.Nd2 Rdc8
37.Bd1 Kg7 38.Ke2 Rd8 39.Bc2 f5 40.Nb1 Kf6 41.Nd2 Kg5 42.Nf3+ Kf6 43.Nd2 Rc3
44.Nb1 Rc4 45.Bb3 Rg4 46.Nc3 Rxg3 47.Nd5+ Kg5 48.Kf2 f4 49.Ba2 h4 50.exf4+ exf4
51.Nc7 Rd6 52.Nb5 h3 53.gxh3 Rxh3 54.Nxd6 Rh2+ 55.Kf3 Rxb2 56.Bd5 Rb4  0-1

[Event "ESP-ch"]
[Site "Palencia"]
[Date "1999.08.26"]
[Round "8"]
[White "Izeta Txabarri, Felix"]
[Black "Illescas Cordoba, Miguel"]
[Result "1/2-1/2"]
[WhiteElo "2505"]
[BlackElo "2600"]

1.c4 g6 2.Nc3 c5 3.g3 Bg7 4.Bg2 Nc6 5.Nf3 e6 6.O-O Nge7 7.d3 O-O 8.e4 d6
9.Rb1 Rb8 10.a3 b6 11.Bd2 Bb7 12.b4 Qd7 13.b5 Nd4 14.Nxd4 Bxd4 15.Ne2 Bg7
16.Bc3 Rbd8 17.Bxg7 Kxg7 18.d4 cxd4 19.Qxd4+ e5 20.Qd3 Qc7 21.Nc3 Qc5 22.Na4 Qc7
23.Nc3 Qc5 24.Na4 Qc8 25.Nc3  1/2-1/2

[Event "ESP-ch"]
[Site "Palencia"]
[Date "1999.08.27"]
[Round "9"]
[White "Illescas Cordoba, Miguel"]
[Black "Magem Badals, Jorge"]
[Result "1/2-1/2"]
[WhiteElo "2600"]
[BlackElo "2528"]

1.d4 d5 2.Nf3 Nf6 3.c4 c6 4.cxd5 cxd5 5.Nc3 Nc6 6.Bf4 a6 7.e3 Bg4 8.Be2 e6
9.Ne5 Bxe2 10.Qxe2 Rc8 11.O-O Bd6 12.Nd3 Bxf4 13.Nxf4 O-O  1/2-1/2

[Event "Albacete m"]
[Site "Albacete"]
[Date "1999.09.08"]
[Round "2"]
[White "Herraiz, Herminio"]
[Black "Illescas Cordoba, Miguel"]
[Result "1/2-1/2"]
[WhiteElo "2417"]
[BlackElo "2600"]

1.d4 Nf6 2.c4 e6 3.Nc3 Bb4 4.Qc2 O-O 5.Nf3 c5 6.dxc5 Na6 7.g3 Nxc5 8.Bg2 Nce4
9.O-O Nxc3 10.bxc3 Be7 11.e4 d6 12.e5 dxe5 13.Nxe5 Qc7 14.Qe2 Nd7 15.Bf4 Nxe5
16.Bxe5 Bd6 17.Bxd6 Qxd6 18.Rab1 Qc7 19.Rfd1 Rb8 20.Qe3 b6 21.c5 bxc5 22.Rxb8 Qxb8
23.Qxc5  1/2-1/2

[Event "Albacete m"]
[Site "Albacete"]
[Date "1999.09.14"]
[Round "6"]
[White "Herraiz, Herminio"]
[Black "Illescas Cordoba, Miguel"]
[Result "0-1"]
[WhiteElo "2417"]
[BlackElo "2600"]

1.d4 Nf6 2.c4 c5 3.d5 b5 4.cxb5 a6 5.bxa6 g6 6.g3 d6 7.Bg2 Bg7 8.Nh3 O-O
9.Nc3 Nbd7 10.O-O Rxa6 11.Qc2 Nb6 12.Rd1 Bb7 13.Rb1 Qd7 14.Nf4 Na4 15.Nxa4 Qxa4
16.Qxa4 Rxa4 17.a3 Rb8 18.Bd2 Ba6 19.Bc3 Nd7 20.Bxg7 Kxg7 21.Bf1 Ne5 22.e3 Bc8
23.b4 Bf5 24.Ra1 cxb4 25.axb4 Raxb4 26.Bg2 Rb2 27.f3 Rxg2+ 28.Nxg2 Nxf3+
29.Kf2 Nxh2 30.Ra2 Rb3 31.Rd4 Ng4+ 32.Ke2 g5 33.Raa4 h5 34.Rab4 Ra3 35.Ra4 Rb3
36.Rab4 Rc3 37.Rb7 Kf6 38.Rb8 Rc2+ 39.Rd2 Rc3 40.Rb4 Ke5  0-1

[Event "Albacete m"]
[Site "Albacete"]
[Date "1999.09.??"]
[Round "1"]
[White "Illescas Cordoba, Miguel"]
[Black "Herraiz, Herminio"]
[Result "1-0"]
[WhiteElo "2600"]
[BlackElo "2417"]

1.d4 Nf6 2.Nf3 g6 3.c4 Bg7 4.Nc3 O-O 5.e4 c6 6.Be2 d5 7.e5 Ne4 8.O-O Bf5
9.Qb3 Qd7 10.Be3 Na6 11.cxd5 Nxc3 12.bxc3 cxd5 13.Nh4 Nc7 14.Nxf5 gxf5 15.Bd3 e6
16.f4 f6 17.Rf3 b6 18.Rh3 Rf7 19.Kh1 Bh8 20.Rg1 Raf8 21.g4 Rg7 22.gxf5 Rxg1+
23.Kxg1 exf5 24.Qc2 fxe5 25.fxe5  1-0

[Event "ESP-chT Div 1"]
[Site "Cala Galdana"]
[Date "1999.11.10"]
[Round "3"]
[White "Illescas Cordoba, Miguel"]
[Black "Spraggett, Kevin"]
[Result "1/2-1/2"]
[WhiteElo "2600"]
[BlackElo "2521"]

1.d4 Nf6 2.c4 e6 3.Nc3 Bb4 4.Qc2 d5 5.cxd5 Qxd5 6.Nf3 Qf5 7.Qxf5 exf5 8.a3 Bd6
9.Nb5 Be6 10.g3 a6 11.Nxd6+ cxd6 12.Bh3 Nc6 13.O-O g6 14.Bh6 Nd5 15.Rad1 Bd7
16.Rfe1 f6 17.Nd2 O-O-O 18.Nc4 Kc7 19.Bg2 Nce7 20.Rc1 Bc6 21.f3 f4 22.Bxf4 Nxf4
23.gxf4 d5 24.Ne3 h6 25.h4 g5 26.hxg5 hxg5 27.fxg5 fxg5 28.Kf2 Ng6 29.Ng4 Kd6
30.e3 Bd7 31.Kg3 Be6 32.Rh1 Nh4 33.Ne5 Rc8 34.Kf2 Nxg2 35.Kxg2 Rxh1 36.Rxc8 Re1
37.Kf2 Rh1 38.Rd8+ Ke7 39.Rb8 Rh2+ 40.Kg3 Rxb2 41.Nd3 Rb1 42.Nc5 b6 43.Nxa6 Kd6
44.Nb4 Kc7 45.Rh8 Rb3 46.Rh6 Kd7 47.Rh7+ Kd6 48.Kf2 Rb2+ 49.Ke1 Rb1+ 50.Kd2 Rb2+
51.Ke1 Rb1+ 52.Kd2 Rb2+ 53.Kc3 Re2 54.Kd3 Rf2 55.Rh6 Rxf3 56.Nc6 Rf8 57.Ne5 g4
58.Nxg4 Ra8 59.Ne5 Rxa3+ 60.Kd2 Ra2+ 61.Kc3 Re2 62.Kd3 Rf2 63.Kc3 Re2 64.Kd3  1/2-1/2

[Event "ESP-chT Div 1"]
[Site "Cala Galdana"]
[Date "1999.11.12"]
[Round "5"]
[White "Illescas Cordoba, Miguel"]
[Black "Comas Fabrego, Luis"]
[Result "1/2-1/2"]
[WhiteElo "2600"]
[BlackElo "2510"]

1.d4 Nf6 2.Nf3 g6 3.c4 Bg7 4.Nc3 O-O 5.e4 d6 6.Be2 Na6 7.Bg5 e5 8.Qd2 Qe8
9.d5 Nc5 10.Bxf6 Bxf6 11.b4 Nd7 12.O-O Bg7 13.Qc2 a6 14.Bd3 Qd8 15.Nd2 Bh6
16.Nf3 Nf6 17.Be2  1/2-1/2

[Event "ESP-chT Div 1"]
[Site "Cala Galdana"]
[Date "1999.11.15"]
[Round "8"]
[White "Korneev, Oleg"]
[Black "Illescas Cordoba, Miguel"]
[Result "1/2-1/2"]
[WhiteElo "2615"]
[BlackElo "2600"]

1.e4 c5 2.Nf3 Nc6 3.d4 cxd4 4.Nxd4 Nf6 5.Nc3 e5 6.Ndb5 d6 7.Bg5 a6 8.Na3 b5
9.Nd5 Be7 10.Bxf6 Bxf6 11.c3 Rb8 12.Nc2 Bg5 13.a3 a5 14.Bd3 Ne7 15.Nxe7 Qxe7
16.Qe2 Bd7 17.b4 a4 18.Ne3 Bxe3 19.Qxe3 O-O 20.c4 bxc4 21.Bxc4 Rfc8 22.Rc1 Be6
23.Bxe6 Rxc1+ 24.Qxc1 Qxe6 25.O-O Rc8 26.Qd2 Qb3 27.Rc1 Rxc1+ 28.Qxc1 h5
29.h4 g6 30.f3 Kg7 31.Kf2 Qa2+ 32.Kf1 Qb3 33.Ke2 Qa2+ 34.Kf1 Qb3 35.Ke2 Qa2+
36.Kf1  1/2-1/2

[Event "It"]
[Site "Pamplona ESP"]
[Date "1999.12.31"]
[Round "5"]
[White "Illescas Cordoba,M"]
[Black "Short,N"]
[Result "0-1"]
[WhiteElo "2600"]
[BlackElo "2675"]

1.Nf3 d5 2.d4 Nf6 3.c4 e6 4.Nc3 Be7 5.Bg5 h6 6.Bh4 O-O 7.e3 b6 8.Be2 Bb7
9.Bxf6 Bxf6 10.cxd5 exd5 11.O-O Qe7 12.Qb3 Rd8 13.Rfd1 c6 14.Bf1 Na6 15.Rd2 Nc7
16.a4 Ne6 17.a5 b5 18.Qa2 a6 19.Rc1 c5 20.dxc5 d4 21.Nxd4 Bxd4 22.exd4 Nxd4
23.Kh1 Nf3 24.Rxd8+ Rxd8 25.c6 Bxc6 26.Ne2 Qh4 27.gxf3 Qxf2 28.Nf4 Bxf3+
29.Bg2 Rd2 30.Rg1 Be4  0-1

[Event "Open"]
[Site "Dos Hermanas ESP"]
[Date "2000.04.08"]
[Round "2"]
[White "Illescas Cordoba,M"]
[Black "Garcia Ramos,J"]
[Result "1-0"]
[WhiteElo "2581"]
[BlackElo "2310"]

1.d4 d5 2.c4 c6 3.e3 e6 4.Nc3 Bd6 5.Bd3 f5 6.Qc2 Nh6 7.h3 O-O 8.Bd2 a5 9.Nge2 Na6
10.a3 dxc4 11.Bxc4 b5 12.Ba2 Kh8 13.O-O e5 14.dxe5 Bxe5 15.Rad1 Qe7 16.Nf4 Nc5
17.Nce2 Bd7 18.Bc3 Bxc3 19.Qxc3 Ng8 20.Nd4 Nf6 21.Nf3 Nfe4 22.Qd4 Rfe8 23.Nd2 Nf6
24.Rc1 Na4 25.b3 c5 26.Ng6+ hxg6 27.Qh4+ Nh5 28.Qxe7 Rxe7 29.bxa4 b4 30.Rxc5 Bxa4
31.Bd5 Rd8 32.Rxa5 Be8 33.Nf3 bxa3 34.Ba2 Rd3 35.Rc1 Red7 36.Rc8 Nf6 37.Ne5 Rd1+
38.Kh2 R7d2 39.Rxa3 Rxf2 40.Bf7 Rdd2 41.Nf3 Rxf3 42.Bxe8 Kh7 43.Bc6 Rff2
44.Rf8 Nd5 45.Bxd5 Rxd5 46.Raa8 g5 47.Rh8+ Kg6 48.Ra6+ Kf7 49.Ra7+ Kf6 50.Rf8+ Ke6
51.Rxg7 f4 52.exf4 gxf4 53.Kg1 Rdd2 54.h4 Ke5 55.Rg4 Rfe2 56.Kh2 Rf2 57.Rg5+ Ke6
58.Kg1  1-0

[Event "Open"]
[Site "Dos Hermanas ESP"]
[Date "2000.04.09"]
[Round "3"]
[White "Braga,F"]
[Black "Illescas Cordoba,M"]
[Result "1/2-1/2"]
[WhiteElo "2449"]
[BlackElo "2581"]

1.Nf3 Nf6 2.c4 c5 3.g3 b6 4.Bg2 Bb7 5.Nc3 g6 6.O-O Bg7 7.d4 cxd4 8.Qxd4 d6
9.b3 Nbd7 10.Bb2 O-O 11.Rfd1 a6 12.Qe3 Re8 13.Nd4 Bxg2 14.Kxg2 Qc7 15.h3 Rac8
16.Rac1 e6 17.Kg1 Qb8 18.Qf3 Ne5  1/2-1/2

[Event "Open"]
[Site "Dos Hermanas ESP"]
[Date "2000.04.14"]
[Round "8"]
[White "Illescas Cordoba,M"]
[Black "Biedma Martin,E"]
[Result "1-0"]
[WhiteElo "2581"]
[BlackElo "2288"]

1.e4 e5 2.Nf3 Nc6 3.Bb5 a6 4.Ba4 Nf6 5.O-O Be7 6.Re1 b5 7.Bb3 d6 8.c3 O-O
9.h3 Na5 10.Bc2 c5 11.d4 Qc7 12.Nbd2 cxd4 13.cxd4 Bb7 14.d5 Bc8 15.b3 Bd7
16.Ba3 Rfe8 17.Nf1 Qb6 18.g4 h6 19.Bc1 Nh7 20.Be3 Qd8 21.Kg2 Ng5 22.N1h2 Nb7
23.b4 Rf8 24.Qd2 Rc8 25.Bd3 Nxf3 26.Nxf3 g5 27.Ng1 f6 28.Ne2 Qe8 29.Ng3 Nd8
30.a4 bxa4 31.Bxa6 Rb8 32.Rec1 Nf7 33.Nf5 Bd8 34.b5 Bxb5 35.Rcb1 Bc7 36.Bxb5 Rxb5
37.Rxb5 Qxb5 38.Qc2 Bb8 39.Qxa4 Qd3 40.Rd1 Qe2 41.Rd2 Qe1 42.Qd7 Qb1 43.f3 Qb3
44.Qe7  1-0